Autobiografía: Bula Matari, historia de un explorador

Saved in:
Bibliographic Details
Main Author: Stanley, Henry Morton (Author)
Format: Book
Language:Spanish
Published: Barcelona Ediciones B 2002
Series:Biblioteca Grandes Viajeros
Subjects:
Tags: Add Tag
No Tags, Be the first to tag this record!

MARC

LEADER 00000nam a2200000 a 4500
001 UCM5748
003 CL-VaPUC
008 021018e20020000SP |||||||||||||||||spa|d
082 0 4 |a 923.9  |b STA  |2 21 
100 0 |a Stanley, Henry Morton  |e author  |9 471866 
245 1 0 |a Autobiografía: Bula Matari, historia de un explorador 
300 |a 587 p 
942 |c BK 
945 |d 20021018 00:00:00  |a cmena 
260 |a Barcelona  |b Ediciones B  |c 2002 
600 0 7 |a ROWLANDS, JOHN  |2 CL-VaPUC  |9 471867 
650 7 |a EXPLORADORES  |2 CL-VaPUC  |9 314661 
650 0 |a Autobiografías   |9 265171 
650 7 |a EXPLORACIONES CIENTIFICAS  |2 CL-VaPUC  |9 446010 
651 0 |a África  |9 256790 
583 |a last modification  |c 20021018 00:00:00  |k Rodrigo Vera 
490 0 |a Biblioteca Grandes Viajeros 
999 |c 301606  |d 301604 
952 |0 0  |1 0  |4 0  |6 923_900000000000000_STA_2002  |7 0  |8 A  |9 360778  |a BIBHIS  |b BIBHIS  |d 2019-11-21  |i 384451K  |o 923.9 STA 2002  |p 384451K  |r 2025-01-20  |w 2019-11-21  |y BK  |k HIS